Sports Quiz

Random Sports Quiz

Milwaukee Bucks 2017 Playoff Roster Quiz Stats

Quiz not verified by Sporcle

Challenge
Share
Tweet
Embed
Score 0/16 Timer 05:00
0 Plays Today
Position Player % Correct
PFGiannis Antetokounmpo
97.3%
SGKhris Middleton
91.9%
(Bench) CThon Maker
90.5%
PGMalcolm Brogdon
89.2%
CGreg Monroe
89.2%
---COACH---Jason Kidd
87.8%
SFTony Snell
82.4%
(Bench) SF/PFJabari Parker
82.4%
Position Player % Correct
(Bench) PGMatthew Dellavedova
82.4%
(Bench) PF/CJohn Henson
71.6%
(Bench) PG/SGJason Terry
70.3%
(Bench) SGRashad Vaughn
67.6%
(Bench) SFMirza Teletovic
62.2%
(Bench) SFMichael Beasley
60.8%
(Bench) CSpencer Hawes
58.1%
(Bench) PGGary Payton II
56.8%

You're not logged in!

Compare scores with friends on all Sporcle quizzes.
Sign Up with Email
OR
Log In

You Might Also Like...

Show Comments

Extras

Top Quizzes Today


Score Distribution

Your Account Isn't Verified!

In order to create a playlist on Sporcle, you need to verify the email address you used during registration. Go to your Sporcle Settings to finish the process.